Statistics for European Leaders by Map

Click here to take the quiz!

General Stats

  • This quiz has been taken 312 times
    (142 since last reset)
  • The average score is 19 of 45

Answers on the Map

Answers color-coded by a green-red scale on the quiz's map according to % correct below.
 

Answer Stats

Answer% Correct
Emmanuel Macron
95%
Vladimir Putin
89%
Volodymyr Zelensky
87%
Pope Francis
85%
Alexander Lukashenko
80%
Rishi Sunak
80%
Giorgia Meloni
77%
Olaf Scholz
76%
Viktor Orbán
72%
Pedro Sánchez
70%
Mateusz Morawiecki
55%
António Costa
54%
Kyriakos Mitsotakis
54%
Prince Albert II
54%
Sanna Marin
54%
Mark Rutte
53%
King Carl XVI Gustaf
52%
Katrín Jakobsdóttir
51%
Mette Frederiksen
48%
King Harald V
45%
Karl Nehammer
40%
Kaja Kallas
36%
Prince Hans-Adam II
34%
Klaus Iohannis
33%
Alexander De Croo
32%
Edi Rama
28%
Krišjānis Kariņš
28%
Gitanas Nausėda
27%
Micheál Martin
27%
Ana Brnabić
24%
Andrej Plenković
23%
Željka Cvijanović
23%
Xavier Espot Zamora
22%
Petr Fiala
20%
Xavier Bettel
20%
Galab Donev
19%
Albin Kurti
18%
Dimitar Kovačevski
18%
Natalia Gavrilița
18%
Dritan Abazović
17%
Maria Luisa Berti
16%
Ignazio Cassis
15%
Robert Golob
14%
Eduard Heger
13%
Robert Abela
11%

Score Distribution

Percentile by Number Answered

Percent of People with Each Score

Your Score History

You have not taken this quiz since the last reset